000 00643cam a2200217 4500
008 000000n2000 000 0 eng u
020 _a0117023280
035 _a(Sirsi) u104593
050 _a692.8
110 _aProperty Advisers to the Civil Estate
_93610
245 _aGC/Works/6 (1999) : dayworks term contract : general conditions model forms and commentary.
260 _aLondon
_bStationery Office
_c2000
300 _aiv, 66p. ; 30cm.
350 _a30.00
650 _aGC/WORKS/6
650 _aDAYWORKS
650 _aPACE
650 _aContracts
_96232
690 _aBUILT ENVIRONMENT-BUILDING CONTRACT FORMS
942 _n0
999 _c100271
_d100271